Rapports du sol et de la végétation

Salvato in:
Dettagli Bibliografici
Autore principale: Viennot Bourgin, G (Autore)
Natura: Libro
Lingua:francese
Pubblicazione: París Masson 1960
Soggetti:
Tags: Aggiungi Tag
Nessun Tag, puoi essere il primo ad aggiungerne!!

MARC

LEADER 00000nam a2200000 a 4500
001 UCU4347
003 CL-VaPUC
008 960517e19600000FR |||||||||||||||||fre|d
082 0 4 |a 581  |b VIE  |2 21 
100 0 |a Viennot Bourgin, G  |e author  |9 361894 
245 1 0 |a Rapports du sol et de la végétation 
300 |a 183 p 
942 |c BK 
945 |d 19960517 00:00:00  |a mcarcey 
260 |a París  |b Masson  |c 1960 
650 0 |a Vegetación  |9 264748 
650 0 |a Clima  |9 265281 
650 7 |a HUMEDAD  |2 CL-VaPUC  |9 259412 
650 7 |a SUELO  |2 CL-VaPUC  |9 348469 
650 0 |a Erosión  |9 262782 
650 0 |a Ecología   |9 258124 
650 0 |a Medio ambiente  |9 257625 
583 |a last modification  |c 19960517 00:00:00  |k Rodrigo Vera 
999 |c 248089  |d 248087 
952 |0 0  |1 0  |4 0  |6 581_000000000000000_VIE_1960  |7 0  |8 A  |9 264478  |a BIBCUR  |b BIBCUR  |d 2019-11-19  |i 3198227  |o 581 VIE 1960  |p 3198227  |r 2025-04-22  |w 2019-11-19  |y BK  |k BCB